[Event "18th Rochefort Open 2019"]
[Site "Rochefort"]
[Date "2019.02.17"]
[Round "2.5"]
[White "Guidarelli, Laurent"]
[Black "Saenz Narciso, Miguel Angel"]
[Result "1-0"]
[WhiteElo "2465"]
[BlackElo "2204"]
[Annotator "TA"]
[PlyCount "117"]
[EventDate "2019.02.16"]
[EventType "swiss"]
[EventCountry "FRA"]
[SourceTitle "playchess.com"]
[Source "ChessBase"]
[SourceQuality "1"]

{[%evp 28,117,78,68,81,77,79,85,87,29,39,34,45,35,50,12,56,49,40,33,20,30,81,103,108,81,265,165,155,172,210,202,215,202,209,140,220,95,98,29,40,35,39,38,37,29,68,68,66,62,73,85,97,75,75,62,75,75,75,75,75,75,101,101,120,120,120,120,120,120,225,196,202,97,275,273,12815,11289,29940,29942,11289,292,12838,12843,29947,29943,11264,10193,4134,4134,964,884]} 1. d4 Nf6 2. c4 c5 3. d5 b5 4. cxb5 a6 5. bxa6 g6 6. Nc3 Bxa6 7. g3 d6 8. Bg2 Bg7 9. Nf3 Nbd7 10. Rb1 Nb6 {A58: Benko/Volga Gambit: Lines with 5 bxa6} (10... O-O 11. O-O Qa5 12. Bd2 Rfb8 13. a4 Qd8 14. b3 Bb7 15. Nh4 Nb6 16. e4 Ba6 17. Re1 Nbd7 18. f4 Bd3 19. Rc1 c4 20. e5 {0-1 (41) Rodshtein,M (2699)-Kislinsky,A (2513) Katowice 2017}) 11. b3 Bc8 12. Nh4 h6 13. Qc2 Qd7 14. Bb2 g5 15. Nf3 {LiveBook: 35 Games} Qf5 16. e4 Qg6 17. O-O O-O {[#]} 18. Qd1 $146 (18. Rfd1 $16) ({Predecessor:} 18. Rfe1 Nbxd5 {½-½ (44) Babula,V (2584)-Polak,T (2508) Hustopece 2009}) 18... Ng4 19. h3 Ne5 20. Nxe5 Bxe5 21. Ne2 {[%cal Bc3e2,Be2c1,Bc1d3,Bd3e5][%mdl 32]} (21. Qd2 {is more complex.} Nd7 22. Rfe1 Qf6 23. Rec1 Ba6 24. Nd1) 21... Rxa2 22. Bxe5 dxe5 23. Nc1 $36 {[%mdl 2048] White has the initiative.} Ra8 24. Nd3 Ba6 (24... Nd7 $11) 25. Nxe5 $16 Qd6 26. Nd3 (26. Nc6 {with more complications.} Bxf1 27. e5 Qd7 28. Qxf1 e6 29. d6) 26... c4 $2 (26... Nd7 $16 {was called for.}) 27. bxc4 Nxc4 {intending ...Ne5.} 28. Re1 {Black must now prevent e5.} Ne5 29. Nxe5 Qxe5 30. Rb6 Kg7 31. Qh5 e6 (31... Rh8 $16 32. Rc1 Rac8 33. Rxc8 Bxc8) 32. Rd1 (32. dxe6 $18 fxe6 33. Rd1) 32... Bc4 33. dxe6 ({White should play} 33. Rc6 $16 Bb5 34. Rb6) 33... Bxe6 $11 34. Qe2 Ra2 35. Rd2 Rfa8 36. Rbb2 Bc4 37. Rxa2 Rxa2 38. Qe3 Rxd2 39. Qxd2 f6 40. Qd7+ Bf7 41. Qa7 Kg8 42. Qe3 f5 43. exf5 Qxf5 44. Qd4 Qe6 45. h4 Qc4 46. Qd8+ Kg7 47. hxg5 Qc1+ 48. Kh2 {Strongly threatening Qf6+.} hxg5 {[#]} (48... Qxg5 $16 49. Qd4+ Qf6) 49. Qd4+ $1 $18 Kg8 {[#]} 50. Be4 (50. Bh3 $1 $18 {has better winning chances.}) 50... Qc7 $2 (50... g4 $16 {was worth a try.} 51. Qf6 Qc5) 51. Qf6 Qc1 $2 (51... g4 52. Qf5 Kf8 53. Qxg4 Qe5 54. Qc8+ Kg7) 52. Qh6 {Threatening mate with Bh7+.} Bb3 53. Bh7+ Kf7 54. Qg6+ $2 (54. Bg6+ Kg8 55. Qh7+ Kf8 56. Qh8+ Ke7 57. Qg7+ Kd6 58. Qf8+ Ke5 59. Qe7+ Be6 60. Bf7) 54... Ke7 $2 (54... Kf8 55. Qd6+ Kg7) 55. Qg7+ Ke8 56. Bg6+ Kd8 57. Qf8+ {White is clearly winning.} Kc7 58. Qe7+ Kb6 59. Qb4+ {Precision: White = 54%, Black = 37%.} 1-0

[Event "18th Rochefort Open 2019"]
[Site "Rochefort"]
[Date "2019.02.17"]
[Round "3.1"]
[White "Zeng, Chongsheng"]
[Black "Harutyunyan, Ruben"]
[Result "1-0"]
[WhiteElo "2544"]
[BlackElo "2299"]
[Annotator "TA"]
[PlyCount "87"]
[EventDate "2019.02.16"]
[EventType "swiss"]
[EventCountry "FRA"]
[SourceTitle "playchess.com"]
[Source "ChessBase"]
[SourceQuality "1"]

{[%evp 33,87,33,36,12,89,24,53,52,53,53,55,50,62,0,0,0,45,0,0,0,0,0,8,14,177,214,286,252,270,292,254,294,250,239,259,224,181,237,505,392,864,855,851,584,920,914,906,870,840,763,1152,1082,29979,29979,29985,29984]} 1. e4 c5 2. Nf3 Nc6 3. d4 cxd4 4. Nxd4 Nf6 5. Nc3 d6 6. Bg5 e6 7. Qd2 a6 8. O-O-O Bd7 9. f4 b5 10. Bxf6 gxf6 11. Kb1 Qb6 12. Nxc6 Bxc6 13. f5 b4 {B67: Sicilian: Richter-Rauzer: 7...a6 8 0-0-0 Bd7, lines without 9 f4 Be7} 14. Ne2 {[%cal Bc3e2,Be2g3,Bg3h5][%mdl 32]} e5 15. Ng3 Qc5 (15... h5 16. Bc4 h4 17. Nf1 Bxe4 18. Qe2 Bxf5 19. Ne3 Be6 20. Qf3 Rc8 21. Bxe6 fxe6 22. Qxf6 {1-0 (38) Quesada Perez,Y (2612)-Motylev,A (2661) Saint Louis 2018}) 16. Nh5 Ke7 17. g4 Rg8 {LiveBook: 3 Games} 18. h3 Rg5 (18... a5 $1 $11) 19. Qe2 $146 (19. Bd3 $16) ({Predecessor:} 19. Bg2 Rc8 20. Bf3 Bh6 21. Nxf6 Rxf5 22. Qxh6 Rxf3 {0-1 (31) Wozniak,M (2215)-Kulon,K (2400) Wroclaw 2016}) 19... Rg8 20. h4 a5 21. Rh3 a4 22. c4 Bh6 23. Qf3 (23. Rhd3 $14) 23... Bf4 $11 24. Be2 a3 {Hoping for ...Rxg4!} (24... Bh6 {is more complex.} 25. Rg3 Rad8 26. Ka1 a3 27. b3 Bf4) 25. Nxf4 exf4 26. Qxf4 axb2 27. g5 $1 {[%cal Rg5f6]} (27. Kxb2 Ra3 $17) 27... fxg5 28. hxg5 Ra3 $2 (28... Ra6 $11) 29. f6+ $1 $18 Ke8 {[#]} 30. Rxd6 $3 {[%mdl 512] White wants to mate with Rd8+!} Qxg5 {[#]} ({And not} 30... Rxh3 31. Rd8+ $1 {[%mdl 512]} Kxd8 32. Qb8+ Kd7 33. Bg4+ Qf5 34. Bxf5# (34. exf5 $2 {perishes.} Rh1+ 35. Kxb2 Rxb8 $19)) 31. Re6+ $1 {[%mdl 512]} fxe6 32. f7+ Kd7 {[#]} 33. Qxg5 $1 Rxg5 34. f8=Q Rxh3 {[#]} 35. c5 $1 Bxe4+ $2 (35... Rh1+ 36. Kxb2 Rg2 37. Qd6+ Ke8 38. Qxc6+ Kf7) 36. Kxb2 {Threatens to win with Qd6+.} Rg2 $2 (36... Rd5 37. Bb5+ Kc7 38. Qf4+ e5 39. Qxe4 Rh2+ 40. Kb3 Rxc5) 37. Qd6+ Kc8 38. Qxe6+ Kc7 39. Qxh3 Rxe2+ 40. Kb3 Bd5+ 41. Kxb4 Rb2+ 42. Kc3 Rxa2 43. Qh6 Bc6 44. Qf4+ {Precision: White = 80%, Black = 33%.} 1-0

[Event "18th Rochefort Open 2019"]
[Site "Rochefort"]
[Date "2019.02.17"]
[Round "3.2"]
[White "Saada, Julien"]
[Black "Demuth, Adrien"]
[Result "1/2-1/2"]
[WhiteElo "2281"]
[BlackElo "2519"]
[Annotator "TA"]
[PlyCount "26"]
[EventDate "2019.02.16"]
[EventType "swiss"]
[EventCountry "FRA"]
[SourceTitle "playchess.com"]
[Source "ChessBase"]
[SourceQuality "1"]

{[%evp 15,26,0,8,-1,0,0,0,0,30,0,-2,-14,-18]} 1. d4 e6 2. Nf3 Nf6 3. e3 b6 4. Bd3 Bb7 5. O-O c5 6. Re1 Nc6 7. c3 d5 8. Nbd2 Be7 {LiveBook: 10 Games. D05: Colle System with ...e6} 9. b3 (9. a3 O-O 10. b4 cxd4 11. exd4 Rc8 12. Nf1 Nb8 13. Bb2 Nbd7 14. Ng3 Ne8 15. Qc2 g6 {1-0 (39) Cordova,E (2655)-Antipov,M (2582) Moscow 2017}) 9... O-O 10. Bb2 Qc7 11. Rc1 e5 $146 {[#] Strongly threatening ...e4.} ({Predecessor:} 11... Rad8 12. Bb1 e5 13. dxe5 Nxe5 14. Nxe5 Qxe5 15. Nf3 Qh5 16. Qe2 Rfe8 17. Bd3 Bd6 18. h3 Bc8 {0-1 (29) Elfert,A (2239)-Dvalishvili,P (2374) Tula 2002}) 12. e4 exd4 13. cxd4 Nb4 1/2-1/2

[Event "18th Rochefort Open 2019"]
[Site "Rochefort"]
[Date "2019.02.17"]
[Round "3.3"]
[White "Delorme, Axel"]
[Black "Solozhenkina, Elizaveta"]
[Result "1/2-1/2"]
[WhiteElo "2498"]
[BlackElo "2287"]
[Annotator "TA"]
[PlyCount "70"]
[EventDate "2019.02.16"]
[EventType "swiss"]
[EventCountry "FRA"]
[SourceTitle "playchess.com"]
[Source "ChessBase"]
[SourceQuality "1"]

{[%evp 15,70,-6,0,-26,0,0,0,0,25,-2,14,11,6,20,13,9,91,107,120,108,115,120,114,78,95,83,81,85,107,90,101,59,64,59,57,47,51,0,0,0,2,0,1,0,0,0,0,0,0,0,0,0,8,8,15,0,0]} 1. Nf3 Nf6 2. g3 g6 3. Bg2 Bg7 4. O-O O-O 5. c4 c6 6. d4 d5 7. Qb3 Qb6 8. Nc3 Rd8 9. Bd2 {D78: Fianchetto Grünfeld: 6 0-0 c6} dxc4 10. Qxc4 Be6 11. Qa4 Na6 (11... Bf5 12. Rfe1 Ne4 13. Nxe4 Bxe4 14. Ba5 Qa6 15. Qa3 Re8 16. Bf1 c5 17. dxc5 Bxb2 {½-½ (17) Ding,L (2813)-Nepomniachtchi,I (2763) Wijk aan Zee 2019}) 12. Qa3 Bf8 $146 ({Predecessor:} 12... Qb4 13. Qxb4 Nxb4 14. Rfc1 Nbd5 15. Na4 Ne4 16. Ba5 b6 {½-½ (40) Rakhmanov,A (2647)-Soysal,S (2404) Kragujevac 2018}) 13. e3 Qb4 14. Qxb4 Nxb4 15. Na4 a5 {[#]} (15... Nd3 $11) 16. Nc5 $1 $16 Bxa2 17. Nxb7 Rdb8 18. Nc5 Bd5 19. Rfc1 Na2 20. Rc2 e6 21. Ne5 Nb4 22. Bxb4 axb4 23. Rxa8 (23. Rac1 {with more complications.} Bxc5 24. Rxc5 Ra2 25. R5c2 Rba8 26. Nd3) 23... Rxa8 24. Bxd5 cxd5 25. Ncd3 Bd6 26. Rc6 (26. Kf1 $14) 26... Bxe5 $11 {The position is equal.} 27. Nxe5 {[%mdl 4096] Endgame KRN-KRN} Ne4 28. Nd3 Ra1+ 29. Kg2 b3 30. Rc1 Ra2 31. Rc8+ Kg7 32. Rb8 Nd2 33. Rb7 Ra1 34. Ne5 Rb1 35. Rxf7+ Kg8 {Accuracy: White = 70%, Black = 60%.} 1/2-1/2

[Event "18th Rochefort Open 2019"]
[Site "Rochefort"]
[Date "2019.02.17"]
[Round "3.4"]
[White "Gascon Del Nogal, Jose Rafael"]
[Black "Vidal, Llewellyn"]
[Result "1-0"]
[WhiteElo "2457"]
[BlackElo "2280"]
[Annotator "TA"]
[PlyCount "45"]
[EventDate "2019.02.16"]
[EventType "swiss"]
[EventCountry "FRA"]
[SourceTitle "playchess.com"]
[Source "ChessBase"]
[SourceQuality "1"]

{[%evp 12,45,20,3,43,43,39,45,68,20,29,10,65,22,17,37,116,47,54,35,54,40,126,133,153,139,194,202,311,315,538,533,587,580,574,573]} 1. d4 d5 2. c4 e6 3. Nf3 Nf6 4. e3 Nbd7 5. Nc3 a6 6. c5 c6 7. b4 g6 {D45: Semi-Slav: 5 e3} (7... b6 8. Bb2 a5 9. a3 Be7 10. Bd3 O-O 11. O-O Ba6 12. Re1 Bxd3 13. Qxd3 Qc8 14. Nd2 bxc5 15. bxc5 {0-1 (72) Volkov,S (2557)-Banusz,T (2612) Linares 2018}) 8. Be2 Bg7 9. Bb2 Qe7 {White is slightly better.} 10. Qc2 O-O 11. Rd1 $146 ({Predecessor:} 11. O-O e5 12. a4 e4 13. Nd2 Ne8 14. Rae1 f5 {½-½ (36) Rodriguez,R (2250)-Alexopoulos,G (2255) New York 1994}) 11... Ng4 (11... e5 $11) 12. e4 dxe4 13. Nxe4 e5 ({Black should play} 13... Ngf6 $14) 14. h3 (14. Nd6 $16) 14... Ngf6 $14 15. Nd6 $36 {[%mdl 2048] Black is under pressure.} Nd5 16. a3 exd4 (16... a5 $14) 17. O-O $16 ({Don't do} 17. Nxd4 Be5 $14) 17... Ne5 18. Bxd4 Nf4 (18... Nxf3+ $16 19. Bxf3 Bxd4) 19. Rfe1 $18 {[#] Strongly threatening Bxe5.} Nxf3+ (19... Nxe2+ $142 20. Qxe2 Nxf3+ 21. Qxf3 Be6 22. Bxg7 Kxg7) 20. Bxf3 Qg5 $2 (20... Be6 21. Bxg7 Kxg7 22. Qb2+ Qf6 23. Qxf6+ Kxf6 24. Nxb7 Nd5) 21. Bxg7 {White is clearly winning.} Kxg7 22. Qc3+ Qf6 23. Ne8+ {Accuracy: White = 40%, Black = 29%.} 1-0

[Event "18th Rochefort Open 2019"]
[Site "Rochefort"]
[Date "2019.02.17"]
[Round "3.5"]
[White "Mu, Ke"]
[Black "Sahil, Tickoo"]
[Result "1-0"]
[WhiteElo "2404"]
[BlackElo "2271"]
[Annotator "TA"]
[PlyCount "113"]
[EventDate "2019.02.16"]
[EventType "swiss"]
[EventCountry "FRA"]
[SourceTitle "playchess.com"]
[Source "ChessBase"]
[SourceQuality "1"]

{[%evp 21,113,17,51,0,-15,0,-4,-4,-16,-22,-6,-14,26,10,35,14,35,16,41,35,44,39,52,36,53,27,49,37,64,62,66,62,62,69,75,72,76,76,76,77,69,71,79,75,92,85,98,91,160,139,137,144,207,189,278,124,124,122,138,102,235,214,202,195,243,237,239,239,252,243,213,216,435,431,466,463,454,441,424,416,399,352,469,458,449,444,665,597,860,793,29984,29985,29985,29986]} 1. c4 e6 2. d4 Nf6 3. Nc3 d5 4. Nf3 Be7 5. Bg5 h6 6. Bxf6 Bxf6 7. e3 O-O 8. Qc2 b6 9. O-O-O {D55: Queen's Gambit Declined: 4 Bg5 Be7: Lines without ...h6 and 6...h6 7 Bxf6} (9. cxd5 exd5 10. Be2 Bb7 11. O-O Nd7 12. Rfd1 a6 13. Rac1 Be7 14. Qf5 Nf6 15. Ne5 Qc8 16. Bd3 Qxf5 17. Bxf5 {1-0 (43) Bu,X (2730)-Dervishi,E (2552) Riadh 2017}) 9... Bb7 10. cxd5 exd5 11. h4 c5 {LiveBook: 5 Games} 12. dxc5 (12. g4 $14) 12... Bxc3 $146 ({Predecessor:} 12... bxc5 13. Nxd5 Bxd5 14. Bc4 Nd7 15. Rxd5 Rb8 16. b3 Qc7 {1-0 (28) Shliperman,I (2425)-Glinert,S (2180) Philadelphia 1998}) 13. Qxc3 Nd7 14. c6 Bxc6 {And now ...Rc8 would win.} 15. Kb1 (15. Qxc6 $2 Rc8 $17) 15... Rc8 {aiming for ...Ba4.} 16. Qd4 Bb7 17. Bd3 Qf6 18. Rc1 a5 (18... Qd6 {feels hotter.} 19. Rxc8 Bxc8 20. Rd1 Rd8 21. Rd2 Nc5) 19. h5 Qxd4 20. Nxd4 Nc5 21. Bf5 Rce8 22. b3 Re7 23. Rh4 Ne6 24. Rg4 Nxd4 25. Rxd4 g6 26. Bg4 Rd8 27. Rcd1 Kg7 28. Bf3 Red7 29. hxg6 fxg6 30. e4 Rd6 31. exd5 h5 32. Kb2 R8d7 33. Be4 Kf6 34. f4 g5 {[#]} (34... Bc8 $142) 35. fxg5+ $1 $16 Kxg5 36. Bf3 Rh7 (36... Kf6 $16 {was necessary.} 37. Rf4+ Kg5) 37. Re1 $18 h4 (37... Bc8 $142 38. Re5+ Kf6) 38. Rh1 (38. Re8 $18) 38... Bc8 $16 39. Rc4 Bf5 40. Rc6 Rhd7 (40... Rf6 $16 41. d6 Bd7) 41. Rxd6 Rxd6 $18 {[%mdl 4096] Endgame KRB-KRB} 42. Kc3 Rh6 43. Kd4 Kf6 {[#]} 44. Rc1 $1 {[%cal Rc1c6] Hoping for Rc6+.} Ke7 45. Ke5 Bd7 46. Rc7 Kd8 $2 (46... Rg6 {was called for.} 47. a4 Kd8) 47. Ra7 h3 48. gxh3 Bxh3 49. d6 Re6+ 50. Kd5 Re3 51. Be4 Rc3 52. Kd4 Rc1 53. Rb7 a4 (53... Kc8 $142 54. Rxb6 Kd7) 54. bxa4 Be6 55. Ke5 Bxa2 56. Bf5 Rc5+ 57. Kf6 {Precision: White = 62%, Black = 35%.} 1-0

[Event "18th Rochefort Open 2019"]
[Site "Rochefort"]
[Date "2019.02.18"]
[Round "4.1"]
[White "Gascon Del Nogal, Jose Rafael"]
[Black "Zeng, Chongsheng"]
[Result "1-0"]
[WhiteElo "2457"]
[BlackElo "2544"]
[Annotator "TA"]
[PlyCount "73"]
[EventDate "2019.02.16"]
[EventType "swiss"]
[EventCountry "FRA"]
[SourceTitle "playchess.com"]
[Source "ChessBase"]
[SourceQuality "1"]

{[%evp 11,73,4,12,5,12,-25,-20,-33,-20,-10,0,0,12,14,43,32,23,-8,33,20,48,74,41,3,200,186,189,197,215,191,259,266,307,287,396,402,575,554,504,465,1346,1342,1337,674,1306,1248,1552,1587,1538,1451,1400,1382,1352,1192,5629,5670,29992,29993,29995,29996,29996,29997,29997,29998]} 1. Nf3 Nf6 2. c4 g6 3. Nc3 Bg7 4. e4 O-O 5. d4 c6 6. e5 Ne8 $1 7. h4 {E70: King's Indian: Miscellaneous lines with 4 e4, including 5 Nge2 and 5 Bd3 0-0 6 Nge2} (7. Be2 d6 8. exd6 Nxd6 9. O-O Bg4 10. d5 Bxf3 11. Bxf3 Nxc4 12. Qb3 Nb6 13. Rd1 Qc7 14. Be3 N8d7 15. Rac1 {0-1 (65) Flores Rios,M (2529)-Jobava,B (2690) chess.com INT 2018}) 7... d6 8. e6 $146 ({Predecessor:} 8. exd6 Nxd6 9. h5 Bg4 10. hxg6 hxg6 11. Bh6 Bxh6 12. Rxh6 Nf5 13. Rh1 Re8 14. Qd3 Bxf3 15. Qxf3 Qxd4 {1-0 (37) Przewoznik,J (2389)-Heberla,B (2484) Ustron 2007}) 8... Bxe6 9. h5 {The position is equal.} Bg4 10. hxg6 $1 hxg6 11. Be3 e5 12. dxe5 Nd7 13. Qd2 Nxe5 14. Be2 Bxf3 15. gxf3 d5 16. cxd5 {And now f4 would win.} Nd6 17. Bh6 {Bxg7 is the strong threat.} (17. Bg5 $5 {[%cal Rg5d8]} Qb6 18. Be3 $11) 17... Qf6 $2 (17... Nec4 $11 18. Qc1 Qf6) 18. Bxg7 $18 Qxg7 19. dxc6 Ndc4 20. Qf4 $40 {[%mdl 128] White attacks with force.} Nxb2 (20... Nd3+ $142 21. Bxd3 Nxb2) 21. Kf1 {aiming for Ne4.} bxc6 {[#]} 22. Ne4 $1 {[%cal Re4f6] Nf6+ would kill now.} f6 23. Rb1 Rab8 (23... Nbc4 $142 24. Nc5 Nb6) 24. Qc1 Qb7 25. Nc5 Qb4 (25... Qe7 $142 26. Na6 (26. Rxb2 Rxb2 27. Qxb2 Qxc5 $16) 26... Rb6 27. Rxb2 Rxb2) 26. Qh6 {[%csl Gh1][%cal Rh6h7]} Kf7 27. Qh7+ Ke8 28. Na6 {[%mdl 64] Double Attack} Qd6 29. Nxb8 Qxb8 30. f4 Nf7 31. Rh3 Qxf4 32. Re3+ Kd8 33. Rxb2 {White threatens Qg7 and mate.} Rh8 34. Rd2+ {White mates.} Kc8 35. Ba6+ Kb8 36. Rb3+ Ka8 {[#]} 37. Qxh8+ $1 {[%mdl 576] Remove Defender, Decoy, Back Rank. Accuracy: White = 74%, Black = 44%.} 1-0

[Event "18th Rochefort Open 2019"]
[Site "Rochefort"]
[Date "2019.02.18"]
[Round "4.2"]
[White "Demuth, Adrien"]
[Black "Mu, Ke"]
[Result "1/2-1/2"]
[WhiteElo "2519"]
[BlackElo "2404"]
[Annotator "TA"]
[PlyCount "82"]
[EventDate "2019.02.16"]
[EventType "swiss"]
[EventCountry "FRA"]
[SourceTitle "playchess.com"]
[Source "ChessBase"]
[SourceQuality "1"]

{[%evp 15,82,8,9,6,27,31,33,30,24,24,28,23,29,32,39,52,43,0,29,0,0,0,6,0,0,0,0,0,0,-46,0,0,0,-8,-20,-52,-49,-54,-41,-36,-3,-4,-4,-4,-4,-6,-7,-16,0,0,0,0,0,-4,0,0,0,0,0,-8,0,-8,0,0,0,0,0,0,0]} 1. Nf3 Nf6 2. c4 c6 3. d4 d5 4. cxd5 cxd5 5. Nc3 Nc6 6. Bf4 Bf5 7. e3 e6 8. Qb3 Bb4 9. Ne5 {Threatens to win with Nxc6. D14: Slav Defence: Exchange variation with ...Bf5} Qb6 (9... Bxc3+ 10. bxc3 Nxe5 11. Bxe5 O-O 12. Be2 Rc8 13. f3 Qa5 14. Rc1 Rc6 15. g4 Bg6 16. h4 h6 {0-1 (29) Svane,R (2595)-Vidit,S (2711) Douglas 2018}) 10. Nxc6 bxc6 11. Be2 {White is slightly better.} Ne4 12. f3 Nxc3 $1 13. bxc3 Be7 14. c4 g5 15. Bg3 h5 16. h3 Qb4+ $146 ({Predecessor:} 16... h4) 17. Kf2 a5 18. Rhc1 O-O 19. c5 Ra7 20. Rc3 h4 21. Bh2 Rb7 22. Bd3 Bxd3 (22... a4 {is interesting.} 23. Qc2 Qb2 24. Rc1 Bxd3 25. Rxd3 f5) 23. Rxd3 a4 24. Qxb4 (24. Qd1 {feels hotter.} f5 25. Kg1 Rf7 26. Rc1 Bf6 27. Bd6) 24... Rxb4 25. Re1 Ra8 26. Re2 Ra7 27. f4 f5 28. Kf3 {The position is equal.} Rab7 29. fxg5 Bxg5 30. Bf4 Bf6 31. g3 Rb2 32. Rxb2 Rxb2 $11 {[%mdl 4096] Endgame KRB-KRB} 33. Ra3 Rb4 34. g4 Kf7 35. gxf5 $1 exf5 36. Rd3 Bd8 37. Rd2 Rb1 38. Rc2 Rf1+ 39. Rf2 Rb1 40. Rc2 Bf6 41. Rd2 $1 Bd8 {Accuracy: White = 53%, Black = 49%.} 1/2-1/2

[Event "18th Rochefort Open 2019"]
[Site "Rochefort"]
[Date "2019.02.18"]
[Round "4.3"]
[White "Colin, Vincent"]
[Black "Van den Doel, Erik"]
[Result "0-1"]
[WhiteElo "2382"]
[BlackElo "2611"]
[Annotator "TA"]
[PlyCount "104"]
[EventDate "2019.02.16"]
[EventType "swiss"]
[EventCountry "FRA"]
[SourceTitle "playchess.com"]
[Source "ChessBase"]
[SourceQuality "1"]

{[%evp 15,104,30,42,-7,16,16,20,18,31,15,24,19,38,30,36,33,56,35,41,26,33,28,29,-185,-197,-191,-204,-204,0,0,0,0,0,0,0,27,255,247,261,261,247,210,216,214,204,198,208,202,175,177,161,111,106,117,112,30,28,21,64,21,21,22,22,23,25,24,39,0,0,0,0,-77,0,-90,0,-96,-92,-698,-698,-29966,-29967,-29967,-29968,-29969,-29969,-29968,-29968,-29969,-29966,-29975,-29976]} 1. e4 c5 2. Nf3 d6 3. d4 cxd4 4. Nxd4 Nf6 5. Nc3 a6 6. Nb3 e6 {B90: Sicilian Najdorf: Unusual White 6th moves, 6 Be3 Ng4 and 6 Be3 e5} (6... g6 7. Be3 Bg7 8. Qd2 Ng4 9. Bg5 h6 10. Bh4 g5 11. Bg3 Nc6 12. Be2 Nge5 13. h4 gxh4 14. Bxh4 {0-1 (35) Alekseenko,K (2638)-Nepomniachtchi,I (2763) St Petersburg 2018}) 7. g4 h6 8. Bg2 Nc6 {LiveBook: 8 Games. White has an edge.} 9. O-O e5 $146 ({Predecessor:} 9... Ne5 10. h3 Qc7 11. f4 Nc4 12. Kh1 Bd7 13. Qe2 Be7 14. Nd2 Nxd2 15. Bxd2 {1-0 (63) Odeev,H (2415)-Taskiran,R (1903) Cesme 2018}) 10. h3 Be6 11. Nd5 Rc8 12. f4 exf4 13. Bxf4 Bxd5 14. exd5 Ne5 15. Nd4 g6 16. b3 Bg7 17. Qd2 h5 18. g5 Nfd7 19. Ne6 $2 (19. Rae1 $11) 19... fxe6 $19 20. dxe6 Nc5 21. Bd5 Qe7 $2 (21... Rc7 $19 22. Be3 Qe7) 22. Bxe5 $1 $11 Bxe5 (22... dxe5 $5 23. Rf7 $8 Qd6 24. Rxg7 Nxe6 25. Rxb7 (25. Rxg6 Qc5+ 26. Kh1 Nf4 $11) 25... Nd4 $16) 23. Rf7 Bxa1 24. Rxe7+ Kxe7 25. c3 {[#] Hoping for Qd4.} Rcf8 $2 (25... Na4 $1 $11 {[%mdl 512] and Black is okay.} 26. Qd4 (26. bxa4 Rxc3 27. Qf2 Rf8 $15) (26. Qf4 Rhf8 $11) 26... Bxc3 27. Qxa4 Rc7) 26. Qd4 $1 $18 Rh7 27. b4 $1 {[%cal Rb4c5]} Nxe6 ({Don't blunder} 27... Na4 $2 28. Qa7 $18) 28. Qe4 Kd8 29. Qxe6 Kc7 30. Qxg6 Re7 31. Qd3 ({Inferior is} 31. Qxh5 Bxc3 32. g6 Kb8 $14) 31... Kb8 32. g6 {Strongly threatening Qg3.} Rc7 33. Bf7 Bxc3 34. Qxd6 Rfc8 35. Be6 (35. Kg2 $16) 35... Re8 $11 36. a3 Bf6 37. Kg2 (37. Bd7 $5 {[%cal Rd7e8]} Be5 38. Qd5 Rc1+ 39. Kf2 Rc2+ 40. Ke3 $16) 37... Rd8 38. Qf4 Bg7 39. Bf5 Rd4 40. Be4 Rdc4 41. Qf5 Re7 42. Bd3 Rd4 $1 43. Kf2 (43. a4 $11) 43... h4 (43... Re8 $1 $17 {[%cal Re8f8]} 44. Qf3 Rf8) 44. Be2 (44. Kg2 $11 {remains equal.}) 44... Rd6 ({Black should try} 44... Re8 $1 $17 {[%cal Re8f8]} 45. Qg5 Re5) 45. Qf4 (45. Bf3 $1 $11) 45... Ree6 $1 $17 {[%cal Re6f6]} 46. Bd3 $2 {[%mdl 8192] [#]} (46. Qxh4 $17 Bd4+ 47. Kf1 Rf6+ 48. Kg2 Rxg6+ 49. Bg4) 46... Rf6 $1 $19 {[%cal Rf6f4]} 47. Bf5 {[#]} Rxf5 $1 {[%mdl 512] Black mates.} 48. Qxf5 Rf6 49. Qxf6 Bxf6 50. Kf3 Kc7 51. Kg4 Kd6 52. Kh5 Ke5 {Precision: White = 43%, Black = 64%.} 0-1

[Event "18th Rochefort Open 2019"]
[Site "Rochefort"]
[Date "2019.02.18"]
[Round "4.4"]
[White "Deslandes, Pascal"]
[Black "Delorme, Axel"]
[Result "1/2-1/2"]
[WhiteElo "2349"]
[BlackElo "2498"]
[Annotator "TA"]
[PlyCount "74"]
[EventDate "2019.02.16"]
[EventType "swiss"]
[EventCountry "FRA"]
[SourceTitle "playchess.com"]
[Source "ChessBase"]
[SourceQuality "1"]

{[%evp 17,74,53,57,53,58,55,39,52,44,43,50,47,72,47,91,75,82,56,84,39,31,50,41,35,30,22,41,0,84,87,98,119,105,102,99,97,81,81,81,82,85,88,98,0,54,0,89,0,51,59,52,54,70,41,29,-7,-7,-6,-6]} 1. e4 e5 2. Nf3 Nc6 3. Bb5 a6 4. Ba4 g6 5. d4 exd4 6. Nxd4 Bg7 {C70: Ruy Lopez: 3...a6 4 Ba4, Norwegian and Delayed Schliemann} 7. Nxc6 bxc6 (7... dxc6 8. Qxd8+ Kxd8 9. Bb3 Be6 10. Bxe6 fxe6 11. Nd2 c5 12. Ke2 Nh6 13. Nc4 Nf7 14. a4 {1-0 (60) Tabatabaei,M (2573)-Aryan,C (2536) Ahmedabad 2017}) 8. O-O Ne7 9. Nc3 O-O {LiveBook: 4 Games} 10. Be3 d6 11. Bd4 c5 12. Bxg7 Kxg7 13. Qd2 Rb8 $146 ({Predecessor:} 13... Be6 14. Rad1 {0-1 (36) Medvegy,J (2068)-Zsinka,L (2298) Banska Stiavnica 2011}) 14. Rad1 Bg4 15. Rde1 Be6 16. b3 f6 17. Nd5 Rf7 18. Qa5 Bxd5 19. exd5 c6 $1 20. Qxd8 Rxd8 21. dxc6 Nd5 22. Re6 {Hoping for Rd1.} Nc3 (22... Rc7 $11 {remains equal.}) 23. Rfe1 $36 {[%mdl 2048] Keeping Black busy.} d5 24. Kf1 d4 25. Re7 Rc8 26. R1e6 Rc7 27. Re8 Nxa4 28. bxa4 {[%mdl 4096] Endgame KRR-KRR} Rf8 29. R8e7+ Rf7 30. Re8 {Threatens to win with Rd6.} Rf8 $1 31. R8e7+ Rf7 32. Re8 {aiming for Rd6.} Rf8 $1 33. R6e7+ Rf7 34. Rxc7 $1 Rxc7 35. Rb8 Rxc6 36. a5 {Black must now prevent Rb7+.} c4 37. Rb7+ Kh6 {Precision: White = 58%, Black = 84%.} 1/2-1/2